000 00284nam a2200133 i 4500
001 bg
100 1 _aSADIL, Josef
245 0 _aPlanety /
_cJosef Sadil.
260 _aWarszawa,
_c1967.
040 _cBPK
041 _apol
942 _cKS
008 s pl f |000 0 pol
999 _c16620
_d16620
856 _uhttp://koha.tu.koszalin.pl/cgi-bin/koha/opac-detail.pl?biblionumber=16620
_yKatalog online BPK